000 01604nam a2200217Ia 4500
003 OSt
005 20251117093244.0
008 210210b2006 xxu||||| |||| 00| 0 eng d
040 _cAL
041 _aKannada
082 _aK894.3 ARAA
100 _aARATI VENKATESH
_dಆರತಿ ವೆಂಕಟೇಶ್
_9159684
245 _aAaradirali belaku mattu angalada deepa
_bಆರದಿರಲಿ ಬೆಳಕು ಮತ್ತು ಅಂಗಳದ ದೀಪ
260 _aBengaluru
_bSahitya nandana
_c2006
300 _a160
520 _aದಂಬರಿಕಾರ್ತಿ ಆರತಿ ವೆಂಕಟೇಶ್ ಅವರ ಸಾಮಾಜಿಕ ಖಾದಂಬರಿ ಆರದಿರಲಿ ಬೆಳಕು. ಹದಿಹರೆಯದ ವಯಸ್ಸಿನಲ್ಲಿ ನಡೆದ ಪ್ರೇಮ ಪ್ರಕರಣ ಮುಂದಿನ ವೈವಾಹಿಕ ಜೀವನದಲ್ಲಿ ಯಾವ ರೀತಿ ಪ್ರಭಾವ ಬೀರುತ್ತದೆ ಎಂದು ಸಾರುವ ನೈಜಚಿತ್ರಣವೇ ‘ಆರದಿರಲಿ ಬೆಳಕು’ ಎಂಬ ಕಾದಂಬರಿಯಲ್ಲಿ ಚಿತ್ರಿಸಿದ್ದೇನೆ. ಯೌವನದ ಅಮಲಿನಲ್ಲಿ ತಪ್ಪು ಹೆಜ್ಜೆಯನ್ನಿಟ್ಟ ಆಧುನಿಕ ಯುವತಿಯೊಬ್ಬಳ ಬದುಕಿನ ಚಿತ್ರಣವೇ ‘ಅಂಗಳದ ದೀಪ’ದ ಕಥಾವಸ್ತು ಎಂಬುದಾಗಿ ಲೇಖಕಿ ಹೇಳಿದ್ದಾರೆ.
650 _aEradu mini kadambarigalu
_9159685
690 _aKannada Fiction
_9159686
906 _a063120
942 _2ddc
_cBK
999 _c134360
_d134360